01345nam a2200253 a 450000100060000000300080000600500170001400800410003103500190007203500120009104000350010304100080013808200260014610000350017224503570020726000540056430000230061849000940064150001470073565000320088265000330091470000490094783000950099641994BD-RjUL20211209053459.0160608s1951 wau 000 0 eng d a(BD-RjUL)42112 a2202757 aWASKCbengcWASKCdANL:NRdANL aeng04a323.673219bCAU 19511 aCampbell, Ernest Howardd1910-10aUnited States citizenship and qualifications for voting in Washington :ba manual for persons concerned with determining questions of United States citizenship, with special reference to the applicable provisions of the constitution and laws of the State of Washington relating to qualifications for voting /cby Ernest H. Campbell and George D. Smith. aSeattle :bUniversity of Washington Press,c1951. aix, 94 p.;c23 cm.1 aUniversity of Washington. Bureau of Governmental Research and Services. Report ;vno. 105 aA revision of A manual on citizenship for registrars of voters, published in 1936 by the Bureau of Governmental Research as its Report no. 18. 0aCitizenshipzUnited States. 0aSuffragezWashington (State)1 aSmith, George Duncan,d1921-,ejoint author. 0aReport (University of Washington. Bureau of Governmental Research and Services) ;vno. 105